00715 2200217 4500001002100000005001500021035002000036007000300056008004100059082001000100084001600110100002600126245008900152260003300241300004200274520011700316600001600433990001600449990001600465990001600481INLIS00000000000053020211002125543 a0010-0921000002ta211002 b 1 ind  a398.2 a398.2 YUD d0 aYudhistira Ikranegara1 aDongeng pengantar tidur legenda jaka tarub & tujuh bidadari /cYudhistira Ikranegara aSurabaya :bCV.Cahaya Agency a32 Halaman :bIlustrasi ;c20 x 15 cm ajaka tarub & 7 bidadari ini dapatlah di jadikan pedoman bagi orang tua atau guru untuk mendongeng pada anak-anak 4aCerita Anak a00000001602 a00000001690 a00000001724